Music Acts - Contain a Number - Statistics

General Stats
  • This quiz has been taken 27 times
  • The average score is 7 of 16
Answer Stats
Hint Answer % Correct
ABC, I Want You Back, I'll Be There (US) Jackson 5
92%
The Sweetest Thing, Gloria, With Or Without You (IRE) U2
88%
Love Shack, Rock Lobster, Roam (US) B-52's
83%
Red Red Wine, Food For Thought, I Won't Close My Eyes (UK) UB40
83%
This Love, Harder To Breathe, Makes me Wonder (US) Maroon 5
63%
What's My Age Again, I Miss You, The Rock Show (US) Blink 182
38%
Silver Star, Sherry, Big Girls Don't Cry (US) Four Seasons
38%
I Can't Help Myself, If I Were A Carpenter, When She Was My Girl (US) Four Tops
38%
Life Is A Minestrone, Donna, Good Morning Judge (UK) 10cc
33%
Lessons In Love, The Chinese Way, Starchild (UK) Level 42
29%
Steal My Girl, Perfect, History (UK) One Direction
29%
Gay Bar, Danger High Voltage, Radio Gaga (US) Electric Six
21%
The Sound, If You're Too Shy (Let Me Know), Chocolate (UK) 1975
13%
Underground, Kate, Brick (US) Ben Folds Five
13%
Pacific, In Yer Face, Cubik (UK) 808 State
8%
Bodyshakin', The Journey, A Little Bit More (UK) 911
8%
No matching quizzes found
Score Distribution
Percent of People with Each Score
Percentile by Number Answered
Your Score History
You have not taken this quiz